[Event "Nis op"]
[Site "Nis"]
[Date "2013.03.21"]
[Round "1"]
[White "Stojiljkovic, Tamara"]
[Black "Velickovski Nejkovic, Maja"]
[Result "0-1"]
[WhiteElo "1774"]
[BlackElo "2137"]
[PlyCount "94"]
[EventDate "2013.03.21"]
[EventType "swiss"]
[EventRounds "9"]
[EventCountry "SRB"]
[SourceTitle "CBM 153 Extra"]
[Source "ChessBase"]
[SourceDate "2013.04.22"]
[SourceVersion "1"]
[SourceVersionDate "2013.04.22"]
[SourceQuality "1"]

1. e4 d6 2. d4 Nf6 3. Nd2 e5 4. c3 Be7 5. Ngf3 Nbd7 6. Bc4 0-0 7. 0-0 c6 8. Bb3 Qc7 9. dxe5 dxe5 10. Qc2 Rb8 11. Nc4 b5 12. Ne3 g6 13. Bd2 Nc5 14. Ng5 h6 15. Nxf7 Rxf7 16. Bxf7+ Kxf7 17. f3 Kg7 18. Kh1 Be6 19. b3 Rd8 20. Rad1 a5 21. Qc1 Nd3 22. Qb1 Bc5 23. Bc1 Nf4 24. Nc2 N6h5 25. Be3 Bxe3 26. Nxe3 Rf8 27. Qc2 Qa7 28. Qf2 Qe7 29. Rd2 Rf7 30. Rfd1 Nf6 31. Qg1 b4 32. c4 Bd7 33. c5 Be6 34. Rd6 Ne2 35. Qe1 Nc3 36. R1d2 Ne8 37. Rxc6 Bd7 38. Ra6 Qxc5 39. Nc4 a4 40. Ra5 Bb5 41. h3 Qc7 42. Rxb5 Nxb5 43. Rd5 Nc3 44. Rxe5 Nd6 45. Nb2 Ndxe4 46. Rxe4 Nxe4 47. Qxe4 Qc1+ 0-1